| 000 | 00575nam a22001937a 4500 | ||
|---|---|---|---|
| 003 | OSt | ||
| 005 | 20140310181710.0 | ||
| 008 | 121207t xxu||||| |||| 00| 0 eng d | ||
| 020 | _a9711210444 | ||
| 050 |
_aPZ 90.6 _b.V162 1986 |
||
| 082 |
_aFIL 398.36599 _bV33 1980 |
||
| 245 |
_aNoong unang panahon : _b tatlong alamat tungkol sa paglikha ng daigdig. _cValera, Rafaelita S. |
||
| 260 |
_aManila : _bChildren's Communication Center, _cc1980. |
||
| 300 |
_av (unpaged) : _b col. ill. ; _c23 cm. |
||
| 526 | _c860L-920L | ||
| 562 | _e1 | ||
| 942 |
_2lcc _cBK |
||
| 999 |
_c1512 _d1512 |
||